000 00479nam a2200157 4500
001 112034
003 ES-MaACL
005 20230906185418.0
007 t|
008 061121s1980 sp r ||||1| spa d
100 1 _aNavarro Domínguez, Fernando.
_985122
245 1 0 _aEstudio de la frase simple en Alain Robbe-Grillet /
_cFernando Navarro Domínguez.
260 _aAlicante :
_bA. G. Gutenberg,
_c1980.
300 _a50 p. ;
_c21 cm.
852 _aES-MaACL
_j2134-F-1
_bR.100312
999 _c112034
_d112034